[Event "Tata Steel Masters"]
[Date "2026.01.20"]
[White "Van Foreest, Jorden"]
[Black "Bluebaum, Matthias"]
[WhiteElo "2703"]
[BlackElo "2679"]
[Round "5.5.5"]
[Result "1/2-1/2"]

e4 {[%clk 01:59:55] [%emt 00:00:03]} e5 {[%clk 01:59:54] [%emt 00:00:06]} Nf3
{[%clk 01:59:48] [%emt 00:00:08]} Nf6 {[%clk 01:59:49] [%emt 00:00:05]} d4
{[%clk 01:59:15] [%emt 00:00:33]} Nxe4 {[%clk 01:59:38] [%emt 00:00:12]} Bd3
{[%clk 01:59:04] [%emt 00:00:11]} d5 {[%clk 01:59:32] [%emt 00:00:06]} Nxe5
{[%clk 01:58:22] [%emt 00:00:42]} Nd7 {[%clk 01:59:19] [%emt 00:00:13]} Nxd7
{[%clk 01:57:37] [%emt 00:00:45]} Bxd7 {[%clk 01:59:09] [%emt 00:00:10]} Nd2
{[%clk 01:57:29] [%emt 00:00:07]} Nxd2 {[%clk 01:58:10] [%emt 00:00:59]} Bxd2
{[%clk 01:57:21] [%emt 00:00:08]} Qe7+ {[%clk 01:56:12] [%emt 00:01:58]} Kf1
{[%clk 01:56:06] [%emt 00:01:14]} Qh4 {[%clk 01:48:27] [%emt 00:07:45]} Qe2+
{[%clk 01:50:41] [%emt 00:05:25]} Be7 {[%clk 01:42:20] [%emt 00:06:07]} Re1
{[%clk 01:32:48] [%emt 00:17:54]} Be6 {[%clk 01:40:28] [%emt 00:01:51]} c3
{[%clk 01:32:18] [%emt 00:00:31]} O-O-O {[%clk 01:32:13] [%emt 00:08:14]} h3
{[%clk 01:26:26] [%emt 00:05:52]} Qf6 {[%clk 01:23:13] [%emt 00:09:00]} h4
{[%clk 01:23:05] [%emt 00:03:21]} h6 {[%clk 01:22:29] [%emt 00:00:43]} Qe5
{[%clk 01:22:37] [%emt 00:00:29]} Qxe5 {[%clk 01:19:43] [%emt 00:02:46]} Rxe5
{[%clk 01:22:31] [%emt 00:00:05]} Bd6 {[%clk 01:16:39] [%emt 00:03:05]} Re1
{[%clk 01:22:26] [%emt 00:00:05]} h5 {[%clk 01:13:54] [%emt 00:02:45]} g3 {[%clk
01:22:18] [%emt 00:00:08]} Rde8 {[%clk 01:13:44] [%emt 00:00:10]} Kg2 {[%clk
01:21:51] [%emt 00:00:27]} Bd7 {[%clk 01:12:48] [%emt 00:00:56]} Bf4 {[%clk
01:21:44] [%emt 00:00:06]} Rxe1 {[%clk 01:02:03] [%emt 00:10:46]} Rxe1 {[%clk
01:21:23] [%emt 00:00:21]} Re8 {[%clk 01:01:47] [%emt 00:00:16]} Rxe8+ {[%clk
01:20:52] [%emt 00:00:31]} Bxe8 {[%clk 01:01:42] [%emt 00:00:04]} Bxd6 {[%clk
01:20:46] [%emt 00:00:07]} cxd6 {[%clk 01:01:39] [%emt 00:00:03]} Bc2 {[%clk
01:05:14] [%emt 00:15:32]} Kd8 {[%clk 00:45:10] [%emt 00:16:29]} Bb3 {[%clk
01:01:46] [%emt 00:03:29]} Bc6 {[%clk 00:42:52] [%emt 00:02:17]} Kf3 {[%clk
00:55:11] [%emt 00:06:35]} Ke7 {[%clk 00:42:00] [%emt 00:00:52]} Kf4 {[%clk
00:54:57] [%emt 00:00:14]} f6 {[%clk 00:40:37] [%emt 00:01:23]} Kf5 {[%clk
00:45:42] [%emt 00:09:15]} Kf7 {[%clk 00:39:41] [%emt 00:00:55]} Bd1 {[%clk
00:44:28] [%emt 00:01:14]} Bd7+ {[%clk 00:34:48] [%emt 00:04:54]} Kf4 {[%clk
00:44:13] [%emt 00:00:14]} Kg6 {[%clk 00:31:46] [%emt 00:03:03]} Bb3 {[%clk
00:41:44] [%emt 00:02:29]} Be6 {[%clk 00:28:12] [%emt 00:03:34]} Ba4 {[%clk
00:40:09] [%emt 00:01:35]} Kf7 {[%clk 00:27:05] [%emt 00:01:07]} Bd1 {[%clk
00:38:13] [%emt 00:01:55]} Kg6 {[%clk 00:19:27] [%emt 00:07:38]} Ba4 {[%clk
00:37:53] [%emt 00:00:21]} Kf7 {[%clk 00:19:19] [%emt 00:00:08]} Bc2 {[%clk
00:37:49] [%emt 00:00:03]} g6 {[%clk 00:17:26] [%emt 00:01:53]} Ba4 {[%clk
00:36:24] [%emt 00:01:25]} Kf8 {[%clk 00:15:41] [%emt 00:01:45]} f3 {[%clk
00:35:52] [%emt 00:00:31]} Kf7 {[%clk 00:12:02] [%emt 00:03:40]} g4 {[%clk
00:35:36] [%emt 00:00:16]} hxg4 {[%clk 00:11:44] [%emt 00:00:18]} fxg4 {[%clk
00:35:29] [%emt 00:00:06]} Kf8 {[%clk 00:11:16] [%emt 00:00:28]} g5 {[%clk
01:01:59] [%emt 00:04:00]} Ke7 {[%clk 00:40:40] [%emt 00:01:06]} Bd1 {[%clk
01:01:58] [%emt 00:00:32]} b6 {[%clk 00:40:02] [%emt 00:01:08]} Bf3 {[%clk
01:02:20] [%emt 00:00:07]} Bf7 {[%clk 00:40:09] [%emt 00:00:24]} Ke3 {[%clk
01:01:29] [%emt 00:01:21]} fxg5 {[%clk 00:38:50] [%emt 00:01:49]} hxg5 {[%clk
01:01:53] [%emt 00:00:05]} Kd7 {[%clk 00:37:12] [%emt 00:02:09]} Kd2 {[%clk
01:01:50] [%emt 00:00:32]} Kc7 {[%clk 00:37:03] [%emt 00:00:39]} Be2 {[%clk
01:02:04] [%emt 00:00:15]} Kb7 {[%clk 00:33:00] [%emt 00:04:34]} Kc2 {[%clk
01:02:15] [%emt 00:00:19]} a6 {[%clk 00:29:42] [%emt 00:03:49]} Kb3 {[%clk
01:01:42] [%emt 00:01:03]} Be6 {[%clk 00:27:17] [%emt 00:02:55]} Bd3 {[%clk
01:02:07] [%emt 00:00:05]} Bf7 {[%clk 00:27:43] [%emt 00:00:03]} Kb4 {[%clk
01:02:18] [%emt 00:00:19]} Be8 {[%clk 00:27:07] [%emt 00:01:07]} Be2 {[%clk
01:02:09] [%emt 00:00:38]} Bf7 {[%clk 00:27:32] [%emt 00:00:05]} Bd3 {[%clk
00:58:59] [%emt 00:03:40]} Be8 {[%clk 00:27:50] [%emt 00:00:12]} Bf1 {[%clk
00:49:55] [%emt 00:09:34]} Bf7 {[%clk 00:28:01] [%emt 00:00:19]} Bh3 {[%clk
00:50:19] [%emt 00:00:05]} Kc7 {[%clk 00:28:14] [%emt 00:00:18]} Bg4 {[%clk
00:49:42] [%emt 00:01:07]} Kb7 {[%clk 00:27:59] [%emt 00:00:45]} b3 {[%clk
00:50:07] [%emt 00:00:05]} Kc7 {[%clk 00:24:34] [%emt 00:03:56]} a4 {[%clk
00:49:14] [%emt 00:01:23]} Bg8 {[%clk 00:20:07] [%emt 00:04:57]} Be2 {[%clk
00:48:34] [%emt 00:01:10]} Kb7 {[%clk 00:20:08] [%emt 00:00:29]} a5 {[%clk
00:40:34] [%emt 00:08:30]} b5 {[%clk 00:20:16] [%emt 00:00:22]} Bd3 {[%clk
00:35:43] [%emt 00:05:20]} Bf7 {[%clk 00:20:39] [%emt 00:00:07]} Bb1 {[%clk
00:35:59] [%emt 00:00:14]} Kc7 {[%clk 00:20:51] [%emt 00:00:19]} Bc2 {[%clk
00:36:10] [%emt 00:00:19]} Kc6 {[%clk 00:21:08] [%emt 00:00:13]} Bb1 {[%clk
00:36:23] [%emt 00:00:17]} Kc7 {[%clk 00:21:33] [%emt 00:00:05]} c4 {[%clk
00:36:00] [%emt 00:00:52]} dxc4 {[%clk 00:21:46] [%emt 00:00:18]} bxc4 {[%clk
00:36:27] [%emt 00:00:03]} bxc4 {[%clk 00:22:11] [%emt 00:00:05]} d5 {[%clk
00:36:53] [%emt 00:00:04]} Be8 {[%clk 00:21:42] [%emt 00:00:59]} Kxc4 {[%clk
00:37:14] [%emt 00:00:09]} Kb7 {[%clk 00:22:05] [%emt 00:00:08]} Kd4 {[%clk
00:37:39] [%emt 00:00:05]} Kc7 {[%clk 00:22:27] [%emt 00:00:08]} Bd3 {[%clk
00:37:43] [%emt 00:00:25]} Kb7 {[%clk 00:22:53] [%emt 00:00:05]} Ke3 {[%clk
00:36:51] [%emt 00:01:22]} Ka7 {[%clk 00:23:15] [%emt 00:00:08]} Bc2 {[%clk
00:37:09] [%emt 00:00:12]} Kb7 {[%clk 00:23:42] [%emt 00:00:04]} Bd1 {[%clk
00:36:21] [%emt 00:01:16]} Kc7 {[%clk 00:23:46] [%emt 00:00:26]} Be2 {[%clk
00:36:19] [%emt 00:00:33]} Kb7 {[%clk 00:24:10] [%emt 00:00:06]} Bd3 {[%clk
00:36:09] [%emt 00:00:39]}

[Site "Europe Echecs"]

[Event "Tata Steel Masters"]
[Date "2026.01.20"]
[White "Erigaisi Arjun"]
[Black "Fedoseev, Vladimir"]
[WhiteElo "2775"]
[BlackElo "2705"]
[Round "5.5.6"]
[Result "0-1"]

d4 {[%clk 01:59:34] [%emt 00:00:25]} Nf6 {[%clk 01:59:44] [%emt 00:00:17]} c4
{[%clk 01:59:23] [%emt 00:00:12]} e6 {[%clk 01:59:38] [%emt 00:00:06]} Nf3
{[%clk 01:59:18] [%emt 00:00:05]} d5 {[%clk 01:59:30] [%emt 00:00:07]} Nc3
{[%clk 01:59:13] [%emt 00:00:05]} Bb4 {[%clk 01:59:17] [%emt 00:00:13]} Qb3
{[%clk 01:58:58] [%emt 00:00:15]} c5 {[%clk 01:51:17] [%emt 00:08:00]} Bg5
{[%clk 01:58:35] [%emt 00:00:22]} cxd4 {[%clk 01:41:08] [%emt 00:10:09]} Nxd4
{[%clk 01:58:06] [%emt 00:00:30]} Bxc3+ {[%clk 01:40:12] [%emt 00:00:55]} Qxc3
{[%clk 01:57:58] [%emt 00:00:08]} e5 {[%clk 01:39:37] [%emt 00:00:35]} Nb5
{[%clk 01:55:46] [%emt 00:02:13]} O-O {[%emt 00:05:55]} cxd5 {[%emt 00:35:12]}
Na6 {[%clk 01:30:36] [%emt 00:03:26]} Bxf6 {[%clk 01:15:49] [%emt 00:04:26]}
Qxf6 {[%clk 01:29:23] [%emt 00:01:12]} e4 {[%emt 00:03:19]} Bd7 {[%clk 01:26:12]
[%emt 00:00:01]} Qd2 {[%clk 01:15:18] [%emt 00:00:23]} Nc5 {[%clk 01:19:20]
[%emt 00:06:51]} Nc3 {[%clk 01:14:52] [%emt 00:00:26]} Rac8 {[%clk 01:18:08]
[%emt 00:01:11]} Rd1 {[%clk 01:00:31] [%emt 00:14:22]} Qg6 {[%emt 00:10:19]} f3
{[%clk 00:57:37] [%emt 00:00:58]} f5 {[%clk 01:03:01] [%emt 00:06:44]} exf5
{[%clk 00:50:07] [%emt 00:07:30]} Bxf5 {[%clk 00:50:01] [%emt 00:13:01]} b4
{[%clk 00:49:37] [%emt 00:00:30]} Nd7 {[%clk 00:48:00] [%emt 00:02:01]} Bb5
{[%clk 00:47:34] [%emt 00:02:03]} Qb6 {[%clk 00:45:16] [%emt 00:02:44]} a4
{[%clk 00:46:23] [%emt 00:01:12]} Nf6 {[%clk 00:41:47] [%emt 00:03:28]} d6
{[%clk 00:43:01] [%emt 00:03:22]} a6 {[%clk 00:40:26] [%emt 00:01:21]} a5 {[%clk
00:42:43] [%emt 00:00:18]} Qa7 {[%clk 00:39:48] [%emt 00:00:38]} Ba4 {[%clk
00:39:27] [%emt 00:03:16]} Kh8 {[%clk 00:38:08] [%emt 00:01:40]} Rf1 {[%clk
00:36:52] [%emt 00:02:35]} b5 {[%clk 00:36:22] [%emt 00:01:46]} Bb3 {[%clk
00:34:29] [%emt 00:02:22]} Rfd8 {[%clk 00:34:40] [%emt 00:01:42]} g4 {[%clk
00:22:18] [%emt 00:12:12]} Bg6 {[%clk 00:34:16] [%emt 00:00:24]} g5 {[%clk
00:22:06] [%emt 00:00:12]} Nh5 {[%clk 00:29:41] [%emt 00:04:35]} Ne2 {[%clk
00:22:00] [%emt 00:00:06]} Rc6 {[%clk 00:22:59] [%emt 00:06:42]} Qd5 {[%clk
00:21:49] [%emt 00:00:11]} Rc3 {[%clk 00:22:03] [%emt 00:00:56]} Ba2 {[%clk
00:15:11] [%emt 00:06:38]} Qe3 {[%clk 00:18:33] [%emt 00:03:29]} Qd2 {[%clk
00:14:03] [%emt 00:01:09]} Nf4 {[%clk 00:18:21] [%emt 00:00:12]} Qxe3 {[%clk
00:13:33] [%emt 00:00:31]} Rxe3 {[%clk 00:18:16] [%emt 00:00:04]} Rf2 {[%clk
00:13:01] [%emt 00:00:32]} Bd3 {[%clk 00:16:52] [%emt 00:01:24]} Kd2 {[%clk
00:10:30] [%emt 00:02:31]} Rxe2+ {[%clk 00:15:59] [%emt 00:00:53]} Rxe2 {[%clk
00:10:26] [%emt 00:00:05]} Bxe2 {[%clk 00:15:53] [%emt 00:00:06]} Rc1 {[%clk
00:10:22] [%emt 00:00:04]} Rxd6+ {[%clk 00:14:38] [%emt 00:01:14]} Ke3 {[%emt
00:00:06]} Rd3+ {[%clk 00:13:31] [%emt 00:01:07]} Ke4 {[%clk 00:10:11] [%emt
00:00:06]} Bxf3+ {[%clk 00:13:24] [%emt 00:00:07]} Kxe5 {[%clk 00:10:06] [%emt
00:00:05]} Ng6+ {[%clk 00:13:18] [%emt 00:00:06]} Kf5 {[%clk 00:40:25] [%emt
00:00:12]} Rd8 {[%clk 00:43:41] [%emt 00:00:07]} Rc7 {[%clk 00:37:10] [%emt
00:03:45]} Re8 {[%clk 00:44:01] [%emt 00:00:09]} Rc5 {[%clk 00:37:34] [%emt
00:00:06]} Be4+ {[%clk 00:41:35] [%emt 00:02:56]} Kg4 {[%clk 00:37:51] [%emt
00:00:13]} Ne5+ {[%clk 00:42:02] [%emt 00:00:03]} Kg3 {[%clk 00:38:04] [%emt
00:00:17]} Nd3 {[%clk 00:42:29] [%emt 00:00:03]} Rc7 {[%clk 00:38:27] [%emt
00:00:07]} Nxb4 {[%clk 00:42:42] [%emt 00:00:17]} Bf7 {[%clk 00:38:53] [%emt
00:00:03]} Rf8 {[%clk 00:43:06] [%emt 00:00:06]}

[Site "Europe Echecs"]

[Event "Tata Steel Masters"]
[Date "2026.01.17"]
[White "Nguyen, Thai Dai Van"]
[Black "Gukesh D"]
[WhiteElo "2656"]
[BlackElo "2754"]
[Round "5.5.7"]
[Result "0-1"]

d4 {[%clk 01:59:46] [%emt 00:00:13]} Nf6 {[%clk 01:59:52] [%emt 00:00:09]} c4
{[%clk 01:59:34] [%emt 00:00:11]} e6 {[%clk 01:59:47] [%emt 00:00:07]} Nf3
{[%clk 01:59:22] [%emt 00:00:12]} b6 {[%clk 01:59:41] [%emt 00:00:06]} g3 {[%clk
01:58:45] [%emt 00:00:36]} Ba6 {[%clk 01:59:35] [%emt 00:00:06]} b3 {[%clk
01:58:30] [%emt 00:00:16]} d5 {[%clk 01:59:28] [%emt 00:00:06]} Bg2 {[%clk
01:56:50] [%emt 00:01:40]} Nbd7 {[%clk 01:59:21] [%emt 00:00:07]} O-O {[%clk
01:47:47] [%emt 00:09:03]} Rc8 {[%clk 01:59:16] [%emt 00:00:06]} Nbd2 {[%clk
01:31:04] [%emt 00:16:43]} Be7 {[%clk 01:58:51] [%emt 00:00:25]} Bb2 {[%clk
01:30:38] [%emt 00:00:26]} O-O {[%clk 01:58:43] [%emt 00:00:08]} Rc1 {[%clk
01:29:16] [%emt 00:01:22]} Re8 {[%clk 01:58:36] [%emt 00:00:07]} Re1 {[%clk
01:25:55] [%emt 00:03:21]} Bb7 {[%clk 01:49:29] [%emt 00:09:08]} e3 {[%clk
01:20:25] [%emt 00:05:30]} c5 {[%clk 01:46:58] [%emt 00:02:30]} Qe2 {[%clk
01:16:38] [%emt 00:03:47]} a5 {[%clk 01:33:04] [%emt 00:13:54]} Red1 {[%clk
01:11:21] [%emt 00:05:18]} Qc7 {[%clk 01:26:48] [%emt 00:06:16]} h4 {[%clk
01:06:56] [%emt 00:04:24]} Bd6 {[%clk 01:23:31] [%emt 00:03:17]} Nb1 {[%clk
01:02:01] [%emt 00:04:55]} dxc4 {[%clk 01:16:27] [%emt 00:07:05]} bxc4 {[%clk
00:56:55] [%emt 00:05:05]} cxd4 {[%clk 01:13:31] [%emt 00:02:56]} exd4 {[%clk
00:36:47] [%emt 00:20:07]} e5 {[%clk 01:13:21] [%emt 00:00:11]} dxe5 {[%clk
00:35:10] [%emt 00:01:37]} Bxf3 {[%clk 01:07:49] [%emt 00:05:31]} Qxf3 {[%clk
00:33:02] [%emt 00:02:08]} Nxe5 {[%clk 01:07:41] [%emt 00:00:09]} Qb7 {[%clk
00:25:14] [%emt 00:07:49]} Bc5 {[%clk 01:01:48] [%emt 00:05:53]} Qxc7 {[%clk
00:25:02] [%emt 00:00:12]} Rxc7 {[%clk 01:01:47] [%emt 00:00:01]} Bxe5 {[%clk
00:21:17] [%emt 00:03:45]} Rxe5 {[%clk 01:01:44] [%emt 00:00:02]} Rd8+ {[%clk
00:21:10] [%emt 00:00:06]} Bf8 {[%clk 01:00:38] [%emt 00:01:06]} Bf1 {[%clk
00:17:08] [%emt 00:04:02]} g6 {[%clk 00:53:04] [%emt 00:07:33]} Nc3 {[%clk
00:16:42] [%emt 00:00:27]} Kg7 {[%clk 00:50:48] [%emt 00:02:16]} Rcd1 {[%clk
00:14:25] [%emt 00:02:17]} Rc6 {[%clk 00:44:56] [%emt 00:05:52]} Rb8 {[%clk
00:12:26] [%emt 00:01:59]} Bb4 {[%clk 00:34:02] [%emt 00:10:54]} Na4 {[%clk
00:09:24] [%emt 00:03:03]} Ree6 {[%clk 00:33:10] [%emt 00:00:53]} Rb7 {[%clk
00:08:03] [%emt 00:01:21]} h5 {[%clk 00:19:28] [%emt 00:13:41]} Rc1 {[%clk
00:05:46] [%emt 00:02:17]} Ng4 {[%clk 00:06:31] [%emt 00:12:56]} Bg2 {[%clk
00:03:50] [%emt 00:01:56]} Be1 {[%clk 00:05:59] [%emt 00:00:32]} Bxc6 {[%clk
00:02:25] [%emt 00:01:26]} Bxf2+ {[%clk 00:05:58] [%emt 00:00:01]} Kg2 {[%clk
00:01:43] [%emt 00:00:41]} Rxc6 {[%clk 00:05:57] [%emt 00:00:01]} Rc3 {[%clk
00:00:57] [%emt 00:00:46]} Bd4 {[%clk 00:03:36] [%emt 00:02:21]} Rf3 {[%clk
00:00:45] [%emt 00:00:12]} Ne5 {[%clk 00:03:00] [%emt 00:00:36]} Rf4 {[%clk
00:00:41] [%emt 00:00:05]} Rxc4 {[%clk 00:02:56] [%emt 00:00:04]} Nxb6 {[%clk
00:00:17] [%emt 00:00:24]} Rc2+ {[%clk 00:02:55]} Kf1 {[%clk 00:00:13] [%emt
00:00:04]} Be3 {[%clk 00:02:02] [%emt 00:00:52]} a4 {[%clk 00:30:34] [%emt
00:00:09]} Bxf4 {[%clk 00:31:24] [%emt 00:01:08]} gxf4 {[%clk 00:31:02] [%emt
00:00:02]} Nc4 {[%clk 00:18:05] [%emt 00:13:49]} Nd5 {[%clk 00:27:41] [%emt
00:03:51]} Rd2 {[%clk 00:17:08] [%emt 00:01:27]} Nc7 {[%clk 00:26:44] [%emt
00:01:28]} Kf6 {[%clk 00:13:52] [%emt 00:03:45]} Rb5 {[%clk 00:12:35] [%emt
00:14:39]} Ra2 {[%clk 00:14:15] [%emt 00:00:06]} Nd5+ {[%clk 00:11:19] [%emt
00:01:46]} Kg7 {[%clk 00:14:04] [%emt 00:00:42]} f5 {[%clk 00:10:27] [%emt
00:01:22]} gxf5 {[%clk 00:13:20] [%emt 00:01:13]} Nf4 {[%clk 00:06:25] [%emt
00:04:32]} Ne3+ {[%clk 00:13:21] [%emt 00:00:29]} Kg1 {[%clk 00:06:13] [%emt
00:00:42]} Rxa4 {[%clk 00:13:41] [%emt 00:00:10]} Nxh5+ {[%clk 00:06:39] [%emt
00:00:04]} Kg6 {[%clk 00:13:07] [%emt 00:01:04]} Ng3 {[%clk 00:06:59] [%emt
00:00:09]} Ra2 {[%clk 00:13:05] [%emt 00:00:32]} Kh1 {[%clk 00:05:45] [%emt
00:01:44]} a4 {[%clk 00:11:53] [%emt 00:01:42]}

[Site "Europe Echecs"]

[Event "Tata Steel Masters"]
[Date "2026.01.22"]
[White "Bluebaum, Matthias"]
[Black "Erigaisi Arjun"]
[WhiteElo "2679"]
[BlackElo "2775"]
[Round "6.6.1"]
[Result "1/2-1/2"]

d4 {[%clk 01:59:56] [%emt 00:00:02]} d6 {[%clk 01:59:45] [%emt 00:00:16]} Nf3
{[%clk 01:59:51] [%emt 00:00:05]} Nf6 {[%clk 01:59:39] [%emt 00:00:06]} c4
{[%clk 01:59:48] [%emt 00:00:03]} g6 {[%clk 01:59:33] [%emt 00:00:06]} Nc3
{[%clk 01:59:45] [%emt 00:00:03]} Bf5 {[%clk 01:59:28] [%emt 00:00:06]} Qb3
{[%clk 01:59:31] [%emt 00:00:15]} b6 {[%clk 01:59:21] [%emt 00:00:07]} h3 {[%clk
01:59:24] [%emt 00:00:06]} Bg7 {[%clk 01:59:06] [%emt 00:00:15]} g4 {[%clk
01:59:16] [%emt 00:00:09]} Bc8 {[%clk 01:59:00] [%emt 00:00:05]} Bg2 {[%clk
01:58:39] [%emt 00:00:36]} O-O {[%clk 01:58:52] [%emt 00:00:08]} O-O {[%clk
01:53:21] [%emt 00:05:18]} Bb7 {[%clk 01:58:42] [%emt 00:00:10]} Qc2 {[%clk
01:52:57] [%emt 00:00:24]} Nbd7 {[%clk 01:58:13] [%emt 00:00:30]} Rd1 {[%clk
01:47:45] [%emt 00:05:12]} Qc8 {[%clk 01:48:01] [%emt 00:10:12]} e4 {[%clk
01:44:43] [%emt 00:03:01]} e5 {[%clk 01:42:54] [%emt 00:05:07]} d5 {[%clk
01:43:46] [%emt 00:00:58]} h5 {[%clk 01:34:58] [%emt 00:07:56]} g5 {[%clk
01:43:37] [%emt 00:00:09]} Nh7 {[%clk 01:34:53] [%emt 00:00:05]} Be3 {[%clk
01:39:17] [%emt 00:04:20]} Qd8 {[%clk 01:30:06] [%emt 00:04:47]} b4 {[%clk
01:34:30] [%emt 00:04:47]} Bc8 {[%clk 01:29:20] [%emt 00:00:46]} Rac1 {[%clk
01:27:14] [%emt 00:07:16]} f6 {[%clk 01:28:25] [%emt 00:00:55]} gxf6 {[%clk
01:23:45] [%emt 00:03:29]} Bxf6 {[%clk 01:27:51] [%emt 00:00:35]} Qd2 {[%clk
01:18:55] [%emt 00:04:50]} Rf7 {[%clk 01:25:26] [%emt 00:02:25]} Kh1 {[%clk
01:10:26] [%emt 00:08:29]} Ndf8 {[%clk 01:03:42] [%emt 00:21:43]} c5 {[%clk
00:57:26] [%emt 00:13:00]} g5 {[%clk 01:03:09] [%emt 00:00:33]} Nh2 {[%clk
00:53:11] [%emt 00:04:16]} Ng6 {[%clk 00:56:13] [%emt 00:06:56]} Bf3 {[%clk
00:49:29] [%emt 00:03:41]} g4 {[%clk 00:52:56] [%emt 00:03:17]} hxg4 {[%clk
00:48:03] [%emt 00:01:26]} Ng5 {[%clk 00:52:14] [%emt 00:00:42]} gxh5 {[%clk
00:40:14] [%emt 00:07:49]} Nxf3 {[%clk 00:51:58] [%emt 00:00:16]} Nxf3 {[%clk
00:40:12] [%emt 00:00:02]} Bg4 {[%clk 00:51:47] [%emt 00:00:12]} hxg6 {[%clk
00:31:49] [%emt 00:08:23]} Bxf3+ {[%clk 00:50:27] [%emt 00:01:20]} Kh2 {[%clk
00:31:47] [%emt 00:00:02]} Rg7 {[%clk 00:39:32] [%emt 00:10:55]} Rg1 {[%clk
00:30:36] [%emt 00:01:11]} Bh5 {[%clk 00:39:21] [%emt 00:00:11]} cxd6 {[%clk
00:21:39] [%emt 00:08:57]} cxd6 {[%clk 00:38:41] [%emt 00:00:40]} Nb5 {[%clk
00:19:42] [%emt 00:01:57]} Qd7 {[%clk 00:25:26] [%emt 00:13:14]} Rc6 {[%clk
00:18:17] [%emt 00:01:25]} Rxg6 {[%clk 00:24:15] [%emt 00:01:11]} Rxd6 {[%clk
00:15:23] [%emt 00:02:54]} Qf7 {[%clk 00:21:17] [%emt 00:02:58]} Bg5 {[%clk
00:14:20] [%emt 00:01:03]} Bg7 {[%clk 00:20:29] [%emt 00:00:47]} Rxg6 {[%clk
00:12:17] [%emt 00:02:03]} Bxg6 {[%clk 00:20:23] [%emt 00:00:06]} Bh4 {[%clk
00:09:57] [%emt 00:02:20]} Bxe4 {[%clk 00:19:02] [%emt 00:01:20]} Qg5 {[%clk
00:05:28] [%emt 00:04:29]} Rf8 {[%clk 00:18:15] [%emt 00:00:47]} Nd6 {[%clk
00:01:34] [%emt 00:03:54]} Qf4+ {[%clk 00:18:10] [%emt 00:00:05]} Qxf4 {[%clk
00:00:48] [%emt 00:00:46]} Rxf4 {[%clk 00:18:05] [%emt 00:00:05]} Bg3 {[%clk
00:30:35] [%emt 00:00:44]} Rg4 {[%clk 00:48:30] [%emt 00:00:05]} Nxe4 {[%clk
00:18:31] [%emt 00:12:35]} Rxe4 {[%clk 00:48:48] [%emt 00:00:11]} Rc1 {[%clk
00:18:40] [%emt 00:00:21]} Rxb4 {[%clk 00:44:50] [%emt 00:04:28]} Rc8+ {[%clk
00:17:01] [%emt 00:02:09]} Kf7 {[%clk 00:41:02] [%emt 00:04:18]} Rc7+ {[%clk
00:16:39] [%emt 00:00:52]} Kg6 {[%clk 00:40:16] [%emt 00:01:15]} Rxa7 {[%clk
00:14:28] [%emt 00:02:41]} Bf6 {[%clk 00:39:10] [%emt 00:01:36]} a4 {[%clk
00:09:24] [%emt 00:05:35]} Kf5 {[%clk 00:38:03] [%emt 00:01:36]} Kg2 {[%clk
00:07:19] [%emt 00:02:34]} Rd4 {[%clk 00:37:22] [%emt 00:01:11]} a5 {[%clk
00:06:04] [%emt 00:01:45]} bxa5 {[%clk 00:36:53] [%emt 00:00:59]} Rxa5 {[%clk
00:06:23] [%emt 00:00:12]} Bh4 {[%clk 00:35:05] [%emt 00:02:17]} Bxh4 {[%clk
00:04:16] [%emt 00:02:37]} Rxh4 {[%clk 00:35:30] [%emt 00:00:06]} Ra8 {[%clk
00:04:19] [%emt 00:00:27]} Rd4 {[%clk 00:35:27] [%emt 00:00:32]} Rd8 {[%clk
00:04:43] [%emt 00:00:06]} e4 {[%clk 00:35:01] [%emt 00:00:57]} d6 {[%clk
00:03:32] [%emt 00:01:41]} Ke6 {[%clk 00:34:13] [%emt 00:01:17]} Kg3 {[%clk
00:03:48] [%emt 00:00:14]} Rxd6 {[%clk 00:34:01] [%emt 00:00:42]} Rxd6+ {[%clk
00:04:15] [%emt 00:00:03]} Kxd6 {[%clk 00:34:26] [%emt 00:00:05]} Kf4 {[%clk
00:04:42] [%emt 00:00:02]} Kd5 {[%clk 00:34:51] [%emt 00:00:05]} f3 {[%clk
00:05:08] [%emt 00:00:05]} exf3 {[%clk 00:35:17] [%emt 00:00:04]} Kxf3 {[%emt
00:00:02]}

[Site "Europe Echecs"]